000 00711nam a2200265Ia 4500
005 20260302115904.0
008 008 260114s9999 xx 000 0 eng d
020 _a9781978727229
037 _aTextbook
040 _aCRL
040 _beng
040 _cCRL
041 _2eng
041 _aeng
084 _qCRL
100 _aJoseph Livni
_91122975
245 4 _aThe Biblical Roots of American Constitutionalism From "I Am the Lord" to "We the People"
260 _bBloomsbury
260 _bLexington Books
260 _c2021
650 _aLaw
856 _uhttps://doi.org/10.5040/9781978727229?locatt=label:secondary_bloomsburyCollections
942 _cEBOOK
999 _c1687812
_d1687812